000 00439 a2200157 4500
003 OSt
005 20240112121229.0
008 240112b |||||||| |||| 00| 0 eng d
040 _coclc
082 _a297
_bMOU/J
100 _a Moulavi, Muhammed Amani
_91991
245 _aJinnum saithanum /
_cMohammed Amani Moulavi
260 _aKerala:
_bKNM,
_c2013.
300 _a55p
942 _2ddc
_cBK
_h297
_iMOU/J
_k297
_mMOU/J
999 _c43180
_d43180